Humains - Mort subite - Statistiques

Statistiques générales
  • Ce quiz a été pris 1 788 fois
  • Le résultat moyen est 4 sur 14
Answers on the Grid
Answers color-coded by a green-red scale on the quiz's grid according to % correct below.
Colette
Garou
Frankenstein
Mowgli
Tarzan
Icare
Spider-Man
Houdini
Raspoutine
Nostradamus
Dracula
Père Noël
Toutânkhamon
Pocahontas
La Joconde
Shrek
Discovery
Yukon
Gargantua
Pluton
Lucy
Gollum
Dolly
Laïka
 
Statistiques - réponses
Réponse % Correct
Tarzan
50%
Pocahontas
46%
Mowgli
40%
Père Noël
39%
Spider-Man
39%
Raspoutine
37%
Toutânkhamon
34%
Garou
32%
Houdini
25%
Colette
24%
Nostradamus
22%
Icare
20%
Dracula
12%
Frankenstein
12%
Aucun quiz correspondant
Distribution des résultats
% des personnes avec chaque résultat
Percentile par nombre de réponses
Votre historique - résultats
Vous n’avez pas pris ce quiz